<?xml version="1.0" encoding="UTF-8"?>
<record
    xmlns:xsi="http://www.w3.org/2001/XMLSchema-instance"
    xsi:schemaLocation="http://www.loc.gov/MARC21/slim http://www.loc.gov/standards/marcxml/schema/MARC21slim.xsd"
    xmlns="http://www.loc.gov/MARC21/slim">

  <leader>01242nam a22002657a 4500</leader>
  <controlfield tag="005">20090514122958.0</controlfield>
  <controlfield tag="008">090212t        xxu||||| |||| 00| 0 eng d</controlfield>
  <datafield tag="010" ind1=" " ind2=" ">
    <subfield code="a">TEL-5117</subfield>
  </datafield>
  <datafield tag="020" ind1=" " ind2=" ">
    <subfield code="c">40.00</subfield>
  </datafield>
  <datafield tag="035" ind1=" " ind2=" ">
    <subfield code="a">TL-4123</subfield>
  </datafield>
  <datafield tag="037" ind1=" " ind2=" ">
    <subfield code="b">DBAD / PUB</subfield>
  </datafield>
  <datafield tag="040" ind1=" " ind2=" ">
    <subfield code="a">dpl</subfield>
    <subfield code="b">Telugu</subfield>
  </datafield>
  <datafield tag="082" ind1=" " ind2=" ">
    <subfield code="a">894.827301</subfield>
  </datafield>
  <datafield tag="100" ind1=" " ind2=" ">
    <subfield code="a">&#xC1C;&#xC2F;&#xC2A;&#xC4D;&#xC30;&#xC26;, &#xC38;&#xC4B;&#xC2E;&#xC3F;&#xC30;&#xC46;&#xC21;&#xC4D;&#xC21;&#xC3F;</subfield>
  </datafield>
  <datafield tag="245" ind1=" " ind2=" ">
    <subfield code="a">&#xC38;&#xC3E;&#xC02;&#xC2A;&#xC4D;&#xC30;&#xC26;&#xC3E;&#xC2F;&#xC3E;&#xC32; &#xC2E;&#xC47;&#xC32;&#xC3F;&#xC2E;&#xC41;&#xC38;&#xC41;&#xC17;&#xC41;&#xC32;&#xC4B; &#xC38;&#xC2E;&#xC3E;&#xC1C;&#xC02; /</subfield>
    <subfield code="c">&#xC38;&#xC4B;&#xC2E;&#xC3F;&#xC30;&#xC46;&#xC21;&#xC4D;&#xC21;&#xC3F; &#xC1C;&#xC2F;&#xC2A;&#xC4D;&#xC30;&#xC26; </subfield>
  </datafield>
  <datafield tag="246" ind1=" " ind2=" ">
    <subfield code="a">Saampradaayaala meli musugulo samaajam</subfield>
    <subfield code="b">Somireddy Jayaprada</subfield>
  </datafield>
  <datafield tag="260" ind1=" " ind2=" ">
    <subfield code="a">&#xC28;&#xC46;&#xC32;&#xC4D;&#xC32;&#xC42;&#xC30;&#xC41;</subfield>
    <subfield code="b">&#xC35;&#xC02;&#xC36;&#xC40; &#xC2A;&#xC2C;&#xC4D;&#xC32;&#xC3F;&#xC15;&#xC47;&#xC37;&#xC28;&#xC4D;&#xC38;&#xC4D;</subfield>
    <subfield code="c">1994</subfield>
  </datafield>
  <datafield tag="270" ind1=" " ind2=" ">
    <subfield code="a">&#xC35;&#xC02;&#xC36;&#xC40; &#xC28;&#xC30;&#xC4D;&#xC38;&#xC3F;&#xC02;&#xC17;&#xC4D; &#xC39;&#xC4B;&#xC2E;&#xC4D;, &#xC07;&#xC02;&#xC26;&#xC3F;&#xC30;&#xC3E; &#xC2D;&#xC35;&#xC28;&#xC4D; &#xC30;&#xC4B;&#xC21;&#xC4D;</subfield>
    <subfield code="b">&#xC28;&#xC46;&#xC32;&#xC4D;&#xC32;&#xC42;&#xC30;&#xC41;</subfield>
  </datafield>
  <datafield tag="300" ind1=" " ind2=" ">
    <subfield code="a">248 &#xC2A;&#xC47;.</subfield>
    <subfield code="c">18 &#xC38;&#xC46;.&#xC2E;&#xC40;.</subfield>
  </datafield>
  <datafield tag="520" ind1=" " ind2=" ">
    <subfield code="a">On landmarks in 20th century Telugu literature</subfield>
  </datafield>
  <datafield tag="650" ind1=" " ind2=" ">
    <subfield code="a">&#xC24;&#xC46;&#xC32;&#xC41;&#xC17;&#xC41; - &#xC15;&#xC25;&#xC32;&#xC41;</subfield>
  </datafield>
  <datafield tag="650" ind1=" " ind2=" ">
    <subfield code="a">Telugu - Stories</subfield>
  </datafield>
  <datafield tag="942" ind1=" " ind2=" ">
    <subfield code="2">ddc</subfield>
    <subfield code="c">TL</subfield>
    <subfield code="h">894.827301</subfield>
    <subfield code="m">JAY</subfield>
  </datafield>
  <datafield tag="999" ind1=" " ind2=" ">
    <subfield code="c">26364</subfield>
    <subfield code="d">26364</subfield>
  </datafield>
  <datafield tag="952" ind1=" " ind2=" ">
    <subfield code="0">0</subfield>
    <subfield code="1">0</subfield>
    <subfield code="2">ddc</subfield>
    <subfield code="4">0</subfield>
    <subfield code="7">0</subfield>
    <subfield code="8">FIC</subfield>
    <subfield code="a">DBAD</subfield>
    <subfield code="b">DBAD</subfield>
    <subfield code="d">2009-05-14</subfield>
    <subfield code="g">40.00</subfield>
    <subfield code="l">0</subfield>
    <subfield code="o">894.827301 JAY</subfield>
    <subfield code="p">TL-4123</subfield>
    <subfield code="r">2009-05-14 00:00:00</subfield>
    <subfield code="v">40.00</subfield>
    <subfield code="w">2009-05-14</subfield>
    <subfield code="y">TL</subfield>
  </datafield>
</record>
